|
|
|
|
| LEADER |
00000nam0a2200000 4500 |
| 001 |
229716 |
| 005 |
20231101230946.0 |
| 035 |
|
|
|a (RuTPU)RU\TPU\book\250354
|
| 090 |
|
|
|a 229716
|
| 100 |
|
|
|a 20130115d2011 k y0rusy50 ca
|
| 101 |
0 |
|
|a rus
|
| 102 |
|
|
|a RU
|
| 105 |
|
|
|a a z 101zy
|
| 200 |
1 |
|
|a Сборник тезисов лауреатов Всероссийского конкурса научно-исследовательских работ студентов и аспирантов в области физических наук в рамках всероссийского фестиваля науки
|e г. Томск, 25 мая-5 сентября 2011 г.
|f Национальный исследовательский Томский политехнический университет (ТПУ) ; под ред. В. П. Кривобокова, А. П. Потылицына, А. С. Гоголева, К. А. Козина
|
| 210 |
|
|
|a Томск
|c Изд-во ТПУ
|d 2011
|
| 215 |
|
|
|a 252 с.
|c ил.
|
| 320 |
|
|
|a Библиография в конце работ.
|
| 330 |
|
|
|a Сборник содержит тезисы материалов конкурсных работ лауреатов Всероссийского конкурса научно-исследовательских работ студентов и аспирантов в области физических наук в рамках Всероссийского фестиваля науки, проводимого на базе Физико-техничесого института Томского политехнического университета.
|
| 606 |
1 |
|
|a Физические науки
|2 stltpush
|3 (RuTPU)RU\TPU\subj\67343
|9 83186
|
| 610 |
1 |
|
|a физика
|
| 610 |
1 |
|
|a конденсированное состояние
|
| 610 |
1 |
|
|a вещество
|
| 610 |
1 |
|
|a радиофизика
|
| 610 |
1 |
|
|a оптика
|
| 610 |
1 |
|
|a акустика
|
| 610 |
1 |
|
|a квантовая электроника
|
| 610 |
1 |
|
|a техническая физика
|
| 610 |
1 |
|
|a плазма
|
| 610 |
1 |
|
|a ускорительная техника
|
| 610 |
1 |
|
|a ядерная физика
|
| 610 |
1 |
|
|a медицинская физика
|
| 610 |
1 |
|
|a источники энергии
|
| 610 |
1 |
|
|a нетрадиционные источники
|
| 610 |
1 |
|
|a конкурсы
|
| 610 |
1 |
|
|a конференции
|
| 610 |
1 |
|
|a труды учёных ТПУ
|
| 675 |
|
|
|a 53(063)
|v 3
|
| 702 |
|
1 |
|a Кривобоков
|b В. П.
|4 340
|
| 702 |
|
1 |
|a Потылицын
|b А. П.
|4 340
|
| 702 |
|
1 |
|a Гоголев
|b А. С.
|4 340
|
| 702 |
|
1 |
|a Козин
|b К. А.
|4 340
|
| 712 |
0 |
2 |
|a Национальный исследовательский Томский политехнический университет (ТПУ)
|c (2009- )
|2 stltpush
|3 (RuTPU)RU\TPU\col\15902
|
| 712 |
1 |
2 |
|a Всероссийский конкурс научно-исследовательских работ студентов и аспирантов в области физических наук в рамках Всероссийского фестиваля науки
|e Томск
|f 2011
|
| 801 |
|
1 |
|a RU
|b 63413507
|c 20130115
|
| 801 |
|
2 |
|a RU
|b 63413507
|c 20140210
|g RCR
|
| 942 |
|
|
|c BK
|